Agresiones imperialistas que ponen en peligro la estabilidad en la región, especialmente de las revoluciones de Cuba, Granada y Nicaragua
Salvato in:
| Ente Autore: | |
|---|---|
| Natura: | testo |
| Pubblicazione: |
Managua
|
| Tags: |
Aggiungi Tag
Nessun Tag, puoi essere il primo ad aggiungerne!!
|
MARC
| LEADER | 00000 a a2200000 04500 | ||
|---|---|---|---|
| 001 | 21409 | ||
| 003 | |||
| 040 | |a CRAI/IIS |c CRAI/IIS | ||
| 090 | |a 094200 | ||
| 110 | |a Movimiento cubano por la paz y la soberanía de los pueblos | ||
| 245 | |a Agresiones imperialistas que ponen en peligro la estabilidad en la región, especialmente de las revoluciones de Cuba, Granada y Nicaragua | ||
| 260 | |a Managua | ||
| 300 | |a 13 p. | ||
| 999 | |c 3647 |d 3647 | ||
